| 000 | 00434nam a2200145Ia 4500 | ||
|---|---|---|---|
| 008 | 231129s2013||||xx |||||||||||||| ||spa|| | ||
| 020 | _a978-958-648-8289-7 | ||
| 040 | _bspa | ||
| 082 | _a577 E65e | ||
| 100 | _aErazo Parga Manuel | ||
| 245 | 0 | _aEcología: impacto de la problemática ambiental actual sobre la salud y el ambiente | |
| 260 | _c2013 | ||
| 264 | _aEcoe Ediciones | ||
| 942 |
_2ddc _cBKS |
||
| 999 |
_c9874 _d9874 |
||